000 00808nam a22002777a 4500
001 0000901
003 KOHA_MİRAKIL
005 20260207001223.0
007 ta
008 081212b2006 tu |||grd|||#0|||1|tur |
020 _a9754712956
_cYTL92,59
040 _aTR-BiSEU
_btur
_cTR-BiSEU
_erda
041 0 _atur
044 _ctu
050 _aPC4645
_b.G73 2006
245 0 _aİspanyolca büyük sözlük/
_chazırlayan Birsen Çankaya ...[ve bşk.].
264 1 _aİstanbul :
_bFono Yayınları
_c2006
300 _a1643 sayfa
336 _ametin
_btxt
_2rdacontent
337 _aaracısız
_bn
_2rdamedia
338 _acilt
_bnc
_2rdacarrier
650 0 _aTurkish language--Dictionaries--Spain.
_93476
650 0 _aSpanish language--Dictionaries--Turkish.
_93477
907 _aSözlük
942 _2lcc
_cBK
999 _c896
_d896